| 000 | 01108nam a2200229 a 4500 | ||
|---|---|---|---|
| 001 | 000027107 | ||
| 003 | OSt | ||
| 005 | 20240229073936.0 | ||
| 008 | 110324t1948 dr 000 0 spa d | ||
| 040 |
_aDO-SdBNP _bspa _cBNPHU |
||
| 082 | 4 |
_a972.93053 _bT866m, 1947 |
|
| 100 | 1 |
_aTrujillo Molina, Rafael Leónidas, _d 1891-1961 _976764 |
|
| 245 | 1 | 0 |
_aMensaje depositado el 27 de febrero de 1948 en el Congreso Nacional por el Presidente de la República Dominicana generalísimo Dr. Rafael Leónidas Trujillo Molina para darle cuenta de su gestión durante el año 1947 / _cRafael Leónidas Trujillo Molina. |
| 260 |
_aCiudad Trujillo, República Dominicana : _bVirgilio Montalvo, _c1948. |
||
| 300 |
_a132 p. ; _c24 cm. |
||
| 590 | _aInventariado, 2019/BT | ||
| 650 | 4 |
_aDiscursos presidenciales _910061 |
|
| 651 | 4 |
_aRepública Dominicana _xHistoria _yEra de Trujillo, 1930-1961 _930520 _vEnsayos, conferencias, etc. |
|
| 651 | 4 |
_aRepública Dominicana _xPolítica Y Gobierno _yEra de Trujillo, 1930-1961 _xEnsayos, conferencias, etc. _930546 |
|
| 910 | _aValidado. Control de calidad. EMS | ||
| 942 |
_2ddc _cLBS1 |
||
| 999 |
_c26599 _d26599 |
||